000 00607cam a2200169 4500
001 J63154
008 000000n 000 0 eng u
035 _a(Sirsi) u110132
110 _aIncorporated Society of Valuers and Auctioneers
_91201
245 _aList of arbitrators and experts.
260 _aLondon
_bISVA
_c1984?
300 _a24p. ; 21cm.
650 _aABOUT RICS-RELATED ORGANISATIONS-INCORPORATED SOCIETY OF VALUERS AND AUCTIONEERS
650 _aEXPERT WITNESSES
650 _aMANAGEMENT-DISPUTE AVOIDANCE, MANAGEMENT AND RESOLUTION-DISPUTE MANAGEMENT AND RESOLUTION-ARBITRATION
942 _n0
999 _c101059
_d101059